|
|
|
|
| LEADER |
00000nam a2200000 a 4500 |
| 001 |
UCG2875 |
| 003 |
CL-VaPUC |
| 008 |
100729e20100500CL |||||||||||||||||spa|d |
| 082 |
0 |
4 |
|a 291.7
|b SAN
|2 21
|
| 100 |
0 |
|
|a Sanfuentes, Manuel F
|e author
|9 551529
|
| 245 |
1 |
0 |
|a Cuadernos de misión: Puchuncaví 2008
|
| 300 |
|
|
|a 109 p
|
| 942 |
|
|
|c BK
|
| 945 |
|
|
|d 20100729 00:00:00
|a mfarfan
|
| 260 |
|
|
|a Valparaíso
|b E AD
|c 2010
|
| 650 |
|
7 |
|a MISIONES
|2 CL-VaPUC
|9 269280
|
| 650 |
|
0 |
|a Educación religiosa
|9 308312
|
| 651 |
|
7 |
|a PUCHUNCAVI
|2 CL-VaPUC
|9 499895
|
| 583 |
|
|
|a last modification
|c 20100729 00:00:00
|k Rodrigo Vera
|
| 999 |
|
|
|c 341986
|d 341984
|
| 952 |
|
|
|0 0
|1 0
|4 0
|6 291_700000000000000_SAN_2010
|7 0
|8 A
|9 437893
|a BIBARQ
|b BIBARQ
|d 2019-11-22
|i 469984K
|o 291.7 SAN 2010
|p 469984K
|r 2025-01-20
|w 2019-11-22
|y BK
|k ARQ
|
| 952 |
|
|
|0 0
|1 0
|4 0
|6 291_700000000000000_SAN_2010
|7 0
|8 A
|9 437894
|a BIBARQ
|b BIBARQ
|d 2019-11-22
|i 4699858
|l 1
|o 291.7 SAN 2010
|p 4699858
|r 2025-01-20
|s 2022-09-02
|w 2019-11-22
|y BK
|k ARQ
|
| 952 |
|
|
|0 0
|1 0
|4 0
|6 291_700000000000000_SAN_2010
|7 0
|8 A
|9 437895
|a BIBARQ
|b BIBARQ
|d 2019-11-22
|i 4699866
|o 291.7 SAN 2010
|p 4699866
|r 2025-01-20
|w 2019-11-22
|y BK
|k ARQ
|